[Event "Gran Canaria-ch Seniors 50"]
[Site "Gran Canaria"]
[Date "2020.02.28"]
[Round "7"]
[White "Roque Hernandez, Francisco"]
[Black "Suarez Pazos, Alberto"]
[Result "0-1"]
[WhiteElo "1261"]
[BlackElo "1628"]
[PlyCount "68"]
[EventDate "2020.02.04"]
[EventType "swiss"]
[EventRounds "7"]
[EventCountry "ESP"]
[SourceTitle "CBM 195 Extra"]
[Source "ChessBase"]
[SourceDate "2020.05.31"]
[SourceVersion "1"]
[SourceVersionDate "2020.05.31"]
[SourceQuality "1"]

1. d4 d5 2. Bf4 c5 3. c3 Nc6 4. dxc5 e5 5. Bg3 a5 6. e3 Bxc5 7. Bb5 Qd6 8. Nd2 Bd7 9. Ne4 dxe4 10. Qb3 Nge7 11. Rd1 Qc7 12. a4 0-0 13. Qc4 Ba7 14. Qxe4 Rad8 15. Nf3 Bf5 16. Qh4 Rxd1+ 17. Kxd1 Qd6+ 18. Ke2 Rd8 19. e4 Ng6 20. Qxd8+ Qxd8 21. exf5 Nf4+ 22. Bxf4 exf4 23. Rd1 Qb6 24. Nd4 Nxd4+ 25. cxd4 Qf6 26. d5 Qxb2+ 27. Rd2 Qe5+ 28. Kf3 Qd6 29. Kg4 h6 30. Bc4 Qb4 31. Rc2 Bxf2 32. d6 Bb6 33. d7 Qxa4 34. Kxf4 Qxc2 0-1

[Event "Gran Canaria-ch Seniors 50"]
[Site "Gran Canaria"]
[Date "2020.02.04"]
[Round "1"]
[White "Suarez Pazos, Alberto"]
[Black "Santana Mateo, Carmen Celia"]
[Result "1-0"]
[WhiteElo "1628"]
[BlackElo "1205"]
[PlyCount "146"]
[EventDate "2020.02.04"]
[EventType "swiss"]
[EventRounds "7"]
[EventCountry "ESP"]
[SourceTitle "CBM 195 Extra"]
[Source "ChessBase"]
[SourceDate "2020.05.31"]
[SourceVersion "1"]
[SourceVersionDate "2020.05.31"]
[SourceQuality "1"]

1. d4 Nf6 2. Nf3 g6 3. Bf4 d6 4. Nc3 Bg7 5. e3 0-0 6. Bc4 d5 7. Bb3 a6 8. h3 c6 9. a4 Nbd7 10. a5 Qe8 11. 0-0 Nh5 12. Bh2 e5 13. dxe5 Nxe5 14. Nxe5 Bxe5 15. Bxe5 Qxe5 16. Qf3 f5 17. Ra4 Be6 18. Rd1 Rae8 19. g3 Kg7 20. Rb4 Rf7 21. Na4 Qd6 22. c3 Rc8 23. Nb6 Rcc7 24. Rh4 Nf6 25. Nc4 Qc5 26. Ne5 Rf8 27. Ra1 Ne4 28. Bc2 Qd6 29. Nd3 Ng5 30. Qg2 Ne4 31. Nf4 g5 32. Nxe6+ Qxe6 33. Rh5 Qg6 34. Qf3 g4 35. Qf4 Qxh5 36. Qxc7+ Rf7 37. Qe5+ Rf6 38. hxg4 Qxg4 39. Bxe4 fxe4 40. Rf1 h5 41. Kg2 h4 42. Qe7+ Kg6 43. Qe8+ Kf5 44. Qd7+ Kg5 45. Qxg4+ Kxg4 46. gxh4 Kxh4 47. Rh1+ Kg5 48. Rh7 Kf5 49. Rxb7 c5 50. b4 cxb4 51. cxb4 Ke5 52. Kf1 Rd6 53. Rh7 Kf6 54. Rh6+ Ke7 55. Rh7+ Ke6 56. Ke2 Rc6 57. Rh6+ Kd7 58. Rh7+ Kd6 59. Ra7 Ke6 60. Kd2 Ke5 61. Rh7 Kd6 62. Rh6+ Kc7 63. Rxc6+ Kxc6 64. Kc3 Kb5 65. Kb3 Kc6 66. Ka4 Kd6 67. b5 axb5+ 68. Kxb5 Ke5 69. a6 d4 70. exd4+ Kxd4 71. a7 Kd3 72. a8Q Ke2 73. Qxe4+ Kxf2 1-0

[Event "Liga Insular Gran Canaria 1b"]
[Site "Las Palmas"]
[Date "2019.04.27"]
[Round "6.2"]
[White "Suarez Pazos, Alberto"]
[Black "Hernandez Guerra, Luna Yue"]
[Result "0-1"]
[WhiteElo "1654"]
[BlackElo "1679"]
[PlyCount "68"]
[EventDate "2019.03.02"]
[EventType "team-tourn"]
[EventRounds "7"]
[EventCountry "ESP"]
[SourceTitle "EXT 2021"]
[Source "ChessBase"]
[SourceDate "2020.10.23"]
[SourceVersion "1"]
[SourceVersionDate "2020.10.23"]
[SourceQuality "1"]
[WhiteTeam "Anand II"]
[BlackTeam "Panaderia Pulido San Mateo"]
[WhiteTeamCountry "ESP"]
[BlackTeamCountry "ESP"]

1. d4 e6 2. Nf3 f5 3. c3 Nf6 4. Nbd2 b6 5. Ne5 d6 6. Nef3 Bb7 7. e3 Be7 8. Qb3 Qd7 9. Bd3 0-0 10. 0-0 Kh8 11. Qc2 Nc6 12. b3 Ng4 13. h3 Nf6 14. Bb2 Nd5 15. Rae1 e5 16. Bc4 Nf6 17. dxe5 dxe5 18. Be2 e4 19. Nd4 Ne5 20. Rd1 c5 21. Bb5 Qc8 22. Ne2 a6 23. c4 Nd3 24. Ba4 Nh5 25. Ba1 Bf6 26. Bxf6 Rxf6 27. Nc1 Nb4 28. Qc3 Rg6 29. a3 Nd3 30. Nxd3 exd3 31. f3 f4 32. Qxd3 fxe3 33. Qxe3 Qxh3 34. Kf2 Qg3+ 0-1

[Event "Liga Insular Gran Canaria 1b"]
[Site "Las Palmas"]
[Date "2019.03.16"]
[Round "3.1"]
[White "Suarez Pazos, Alberto"]
[Black "Donate Villalba, Juan Francisco"]
[Result "0-1"]
[WhiteElo "1654"]
[BlackElo "2054"]
[PlyCount "72"]
[EventDate "2019.03.02"]
[EventType "team-tourn"]
[EventRounds "7"]
[EventCountry "ESP"]
[SourceTitle "EXT 2021"]
[Source "ChessBase"]
[SourceDate "2020.10.23"]
[SourceVersion "1"]
[SourceVersionDate "2020.10.23"]
[SourceQuality "1"]
[WhiteTeam "Anand II"]
[BlackTeam "Hotel Avda de Canarias II"]
[WhiteTeamCountry "ESP"]
[BlackTeamCountry "ESP"]

1. d4 d5 2. Bg5 Nf6 3. Bxf6 exf6 4. g3 g6 5. Bg2 Bg7 6. e3 0-0 7. Ne2 c6 8. c3 Bf5 9. Nd2 Qb6 10. b4 a5 11. a3 axb4 12. cxb4 Na6 13. 0-0 Nc7 14. Qb3 Nb5 15. Rfc1 Rfe8 16. Nf4 Bh6 17. a4 Nd6 18. a5 Qd8 19. Nd3 Rxe3 20. fxe3 Bxe3+ 21. Kf1 Bxd2 22. Rd1 Nc4 23. Nc5 Qe7 24. Kg1 Qe2 25. Ra2 Bg4 26. Rf1 Ne3 27. Rf2 Qe1+ 28. Bf1 Nxf1 29. Rxf1 Be3+ 30. Kg2 Bh3+ 31. Kxh3 Qxf1+ 32. Rg2 Qf5+ 33. g4 Qf3+ 34. Rg3 Qf1+ 35. Rg2 Re8 36. Nxb7 Bg5 0-1

[Event "Las Palmas Insular-chT Segunda 1718"]
[Site "Las Palmas"]
[Date "2018.01.20"]
[Round "6.2"]
[White "Suarez Pazos, Alberto"]
[Black "Perez Brito, Avelino"]
[Result "1/2-1/2"]
[WhiteElo "1654"]
[BlackElo "1729"]
[PlyCount "93"]
[EventDate "2017.10.28"]
[EventType "team-swiss"]
[EventRounds "9"]
[EventCountry "ESP"]
[SourceTitle "EXT 2019"]
[Source "ChessBase"]
[SourceDate "2018.10.10"]
[SourceVersion "1"]
[SourceVersionDate "2018.10.10"]
[SourceQuality "1"]
[WhiteTeam "Anand III"]
[BlackTeam "Anand II"]
[WhiteTeamCountry "ESP"]
[BlackTeamCountry "ESP"]

1. f4 d5 2. Nf3 Nf6 3. e3 e6 4. Be2 Be7 5. 0-0 0-0 6. d3 b6 7. Nc3 Bb7 8. Qe1 c5 9. Nd1 Nc6 10. Nf2 Qc7 11. e4 dxe4 12. dxe4 Nb4 13. Bd1 Ba6 14. c3 Bxf1 15. Kxf1 Nc6 16. Bc2 Rfd8 17. g4 h6 18. h4 b5 19. e5 Nd7 20. Qe4 Nf8 21. f5 exf5 22. gxf5 f6 23. e6 Re8 24. Ke2 Bd6 25. Bxh6 gxh6 26. Rg1+ Kh8 27. h5 Ne5 28. Nh4 Rac8 29. Qg2 Qh7 30. Ng6+ Nexg6 31. hxg6 Qg7 32. Qe4 c4 33. Ng4 Nxe6 34. fxe6 f5 35. Qxf5 Rf8 36. Qe4 Rf4 37. Qd5 Bc5 38. Rg2 Be7 39. Qh5 Bg5 40. Rh2 Rxg4 41. Qxg4 Qe5+ 42. Kf3 Qxh2 43. e7 Qh1+ 44. Ke2 Qh2+ 45. Kf3 Re8 46. Qd4+ Kg8 47. Qd5+ 1/2-1/2

[Event "Las Palmas Insular-chT Primera-A 1617"]
[Site "Las Palmas"]
[Date "2016.11.05"]
[Round "3.4"]
[White "Suarez Pazos, Alberto"]
[Black "Alayon Hernandez, Francisco"]
[Result "1/2-1/2"]
[WhiteElo "1674"]
[BlackElo "1590"]
[PlyCount "56"]
[EventDate "2016.10.22"]
[EventType "team-tourn"]
[EventRounds "14"]
[EventCountry "ESP"]
[SourceTitle "EXT 2018"]
[Source "ChessBase"]
[SourceDate "2017.10.13"]
[SourceVersion "1"]
[SourceVersionDate "2017.10.13"]
[SourceQuality "1"]
[WhiteTeam "Anand II"]
[BlackTeam "Tres W II"]
[WhiteTeamCountry "ESP"]
[BlackTeamCountry "ESP"]

1. d4 Nf6 2. Bg5 Ne4 3. Bf4 c5 4. d5 Qb6 5. Qc1 Qf6 6. Nf3 d6 7. e3 g5 8. Bg3 h5 9. Bd3 Bf5 10. h4 g4 11. Ng5 Qg6 12. Nxe4 Bxe4 13. Qd2 Bxd3 14. cxd3 Bg7 15. Nc3 Na6 16. a3 Qf5 17. e4 Qf6 18. Rb1 Nc7 19. Rf1 0-0 20. f3 Bh6 21. Qd1 Qg6 22. fxg4 Qxg4 23. Qf3 Qxf3 24. Rxf3 Kh7 25. Ke2 Ne8 26. Rbf1 Kg6 27. Bf4 Bxf4 28. Rxf4 Nf6 1/2-1/2

[Event "Gran Canaria Larsen Memorial 1st"]
[Site "Gran Canaria"]
[Date "2015.09.11"]
[Round "2"]
[White "Ramirez Medina, Victor"]
[Black "Suarez Pazos, Alberto"]
[Result "1-0"]
[WhiteElo "2123"]
[BlackElo "1744"]
[PlyCount "81"]
[EventDate "2015.09.09"]
[EventType "swiss"]
[EventRounds "7"]
[EventCountry "ESP"]
[SourceTitle "EXT 2016"]
[Source "ChessBase"]
[SourceDate "2015.10.08"]
[SourceVersion "1"]
[SourceVersionDate "2015.10.08"]
[SourceQuality "1"]

1. e4 d6 2. d4 Nf6 3. Nc3 e5 4. Nf3 Nc6 5. Bb5 Bd7 6. 0-0 Be7 7. Re1 exd4 8. Nxd4 Nxd4 9. Bxd7+ Qxd7 10. Qxd4 0-0 11. Bf4 Nh5 12. Be3 Bf6 13. Qd2 Bxc3 14. Qxc3 Nf6 15. Bd4 Qd8 16. Rad1 Ne8 17. e5 f6 18. exd6 Nxd6 19. Bc5 Rf7 20. Qb3 Qd7 21. Bxd6 cxd6 22. Re6 Rd8 23. Qd5 Qc7 24. c3 Kf8 25. Rxd6 Re8 26. g3 Rfe7 27. Kg2 Re5 28. Qd3 Kg8 29. Rd7 Qc6+ 30. Qf3 Re4 31. R1d4 Kf8 32. R7d6 Qc5 33. Rxf6+ gxf6 34. Rxe4 Rxe4 35. Qxe4 Qb6 36. Qb4+ Qxb4 37. cxb4 Ke7 38. Kf3 h5 39. Kf4 Ke6 40. h4 b5 41. f3 1-0

[Event "Canarias-chT"]
[Site "Vecindario"]
[Date "2015.06.12"]
[Round "3.4"]
[White "Perez Perez, Jose David"]
[Black "Suarez Pazos, Alberto"]
[Result "1/2-1/2"]
[WhiteElo "1810"]
[BlackElo "1743"]
[PlyCount "44"]
[EventDate "2015.06.11"]
[EventType "team-swiss"]
[EventRounds "6"]
[EventCountry "ESP"]
[SourceTitle "EXT 2024"]
[Source "ChessBase"]
[SourceDate "2023.10.10"]
[SourceVersion "1"]
[SourceVersionDate "2023.10.10"]
[SourceQuality "1"]
[WhiteTeam "El Sauzal Libreria Barco"]
[BlackTeam "Anand"]
[WhiteTeamCountry "ESP"]
[BlackTeamCountry "ESP"]

1. e4 d5 2. exd5 Qxd5 3. Nc3 Qd6 4. d4 Nf6 5. Nf3 Bg4 6. h3 Bh5 7. g4 Bg6 8. Ne5 c6 9. h4 Nbd7 10. Nxd7 Qxd7 11. h5 Qe6+ 12. Be3 Be4 13. Nxe4 Qxe4 14. Rg1 Nd5 15. Bd3 Nxe3 16. Bxe4 Nxd1 17. Rxd1 e6 18. c4 Bb4+ 19. Kf1 0-0-0 20. Rg3 Bd6 21. Rf3 f6 22. Re3 Bf4 1/2-1/2

[Event "Gran Canaria-ch Seniors"]
[Site "Gran Canaria"]
[Date "2015.05.19"]
[Round "6"]
[White "Suarez Pazos, Alberto"]
[Black "Sanchez Montesdeoca, Isaac"]
[Result "0-1"]
[WhiteElo "1728"]
[BlackElo "1800"]
[PlyCount "54"]
[EventDate "2015.04.28"]
[EventType "swiss"]
[EventRounds "6"]
[EventCountry "ESP"]
[SourceTitle "CBM 166 Extra"]
[Source "ChessBase"]
[SourceDate "2015.06.18"]
[SourceVersion "1"]
[SourceVersionDate "2015.06.18"]
[SourceQuality "1"]

1. e4 b6 2. d4 e6 3. Bd3 Bb7 4. Nf3 Nf6 5. Qe2 Be7 6. 0-0 d5 7. e5 Ne4 8. Nfd2 Nxd2 9. Nxd2 c5 10. Qg4 g5 11. c3 h5 12. Qe2 Nc6 13. dxc5 bxc5 14. f4 gxf4 15. Rxf4 Qb6 16. Qf2 Nxe5 17. Be2 Rc8 18. Nf3 Ng4 19. Qe1 c4+ 20. Nd4 Bd6 21. Rxf7 Bxh2+ 22. Kf1 Kxf7 23. Bxg4 hxg4 24. Qf2+ Kg6 25. Qc2+ Kg7 26. Qe2 Rcf8+ 27. Ke1 Bg3+ 0-1

[Event "Gran Canaria-ch Seniors"]
[Site "Gran Canaria"]
[Date "2015.05.05"]
[Round "2"]
[White "Padron Pulido, Pedro Gabino"]
[Black "Suarez Pazos, Alberto"]
[Result "1-0"]
[WhiteElo "2010"]
[BlackElo "1728"]
[PlyCount "89"]
[EventDate "2015.04.28"]
[EventType "swiss"]
[EventRounds "6"]
[EventCountry "ESP"]
[SourceTitle "CBM 166 Extra"]
[Source "ChessBase"]
[SourceDate "2015.06.18"]
[SourceVersion "1"]
[SourceVersionDate "2015.06.18"]
[SourceQuality "1"]

1. e4 d5 2. exd5 Qxd5 3. Nc3 Qd6 4. d4 Nf6 5. Bc4 c6 6. Bg5 Bg4 7. f3 Bf5 8. Qd2 e6 9. 0-0-0 Qb4 10. Bb3 Nbd7 11. Nge2 h6 12. Bf4 Bd6 13. Bxd6 Qxd6 14. Ng3 Bg6 15. Nge4 Qc7 16. Qf2 Nd5 17. Rhe1 0-0-0 18. g3 Rhe8 19. Kb1 Nxc3+ 20. Nxc3 Nb6 21. Qe2 Kb8 22. Ne4 Nd7 23. Bc4 Nb6 24. Bb3 Nd7 25. Ka1 Bf5 26. Qc4 Nb6 27. Qb4 Nd5 28. Qa3 Nb6 29. c4 Bxe4 30. fxe4 Rd7 31. Qb4 Red8 32. c5 Nc8 33. Rf1 Re8 34. d5 exd5 35. exd5 cxd5 36. c6 Rd6 37. cxb7 Nb6 38. a3 f6 39. Rd4 Re5 40. Rfd1 Rd8 41. a4 Qxb7 42. a5 Nc8 43. Qc5 Qd7 44. Rb4+ Ka8 45. Ba4 1-0

[Event "Gran Canaria Dominguez Memorial 2nd"]
[Site "Gran Canaria"]
[Date "2015.04.23"]
[Round "5"]
[White "Suarez Pazos, Alberto"]
[Black "Sanchez Quintero, Raul"]
[Result "1-0"]
[WhiteElo "1728"]
[BlackElo "2050"]
[PlyCount "41"]
[EventDate "2015.04.09"]
[EventType "swiss"]
[EventRounds "7"]
[EventCountry "ESP"]
[SourceTitle "CBM 166 Extra"]
[Source "ChessBase"]
[SourceDate "2015.06.18"]
[SourceVersion "1"]
[SourceVersionDate "2015.06.18"]
[SourceQuality "1"]

1. f4 e5 2. fxe5 d6 3. exd6 Bxd6 4. Nf3 Bg4 5. e3 Nc6 6. Bb5 Nge7 7. 0-0 0-0 8. d3 Ne5 9. Nbd2 c6 10. Ba4 Qc7 11. h3 Bh5 12. e4 N7g6 13. d4 Nxf3+ 14. Nxf3 Nh4 15. g4 Nxf3+ 16. Qxf3 Bg6 17. c3 Bh2+ 18. Kg2 Bxe4 19. Qxe4 Qg3+ 20. Kh1 Qxh3 21. Qg2 1-0

[Event "Las Palmas Insular-chT Pref-A"]
[Site "Las Palmas"]
[Date "2015.03.28"]
[Round "12.4"]
[White "Suarez Pazos, Alberto"]
[Black "Monzon Aleman, Ayoze"]
[Result "1-0"]
[WhiteElo "1753"]
[BlackElo "1687"]
[PlyCount "80"]
[EventDate "2014.11.22"]
[EventType "team-tourn"]
[EventRounds "14"]
[EventCountry "ESP"]
[SourceTitle "EXT 2016"]
[Source "ChessBase"]
[SourceDate "2015.10.08"]
[SourceVersion "1"]
[SourceVersionDate "2015.10.08"]
[SourceQuality "1"]
[WhiteTeam "Anand Iberia II"]
[BlackTeam "Grandama Santa Lucia"]
[WhiteTeamCountry "ESP"]
[BlackTeamCountry "ESP"]

1. d4 c6 2. Bg5 Nf6 3. Bxf6 exf6 4. e3 d5 5. g3 Bd6 6. Bg2 Qc7 7. Ne2 Bg4 8. Nd2 Nd7 9. a3 0-0 10. c4 dxc4 11. Nxc4 Be7 12. b4 Rac8 13. 0-0 Rfe8 14. Qc2 Be6 15. Nd2 Nf8 16. Rfc1 Bd7 17. Nb3 Qb8 18. Na5 Bd8 19. Nb3 Ne6 20. Qd3 Bc7 21. Nc5 Nxc5 22. Rxc5 Bd6 23. Rc3 Rc7 24. Nf4 Bxf4 25. gxf4 Qc8 26. Rac1 Bh3 27. Qe2 Qd7 28. Qh5 Bxg2 29. Kxg2 g6 30. Qf3 Rcc8 31. Rg1 Qd5 32. Rgc1 Qd7 33. h4 Kg7 34. Rc5 f5 35. Rg1 Qe6 36. Rgc1 Qd7 37. Kh2 Qe6 38. Kg2 Qd7 39. Rh1 Qe6 40. h5 Qe4 1-0

[Event "Gran Canaria Cabildo op"]
[Site "Gran Canaria"]
[Date "2015.03.03"]
[Round "2"]
[White "Suarez Pazos, Alberto"]
[Black "Sanchez Quintero, Raul"]
[Result "1/2-1/2"]
[WhiteElo "1753"]
[BlackElo "2055"]
[PlyCount "49"]
[EventDate "2015.02.27"]
[EventType "swiss"]
[EventRounds "7"]
[EventCountry "ESP"]
[SourceTitle "CBM 165 Extra"]
[Source "ChessBase"]
[SourceDate "2015.04.21"]
[SourceVersion "1"]
[SourceVersionDate "2015.04.21"]
[SourceQuality "1"]

1. f4 Nf6 2. Nf3 d6 3. e3 Bg4 4. Be2 Bxf3 5. Bxf3 c6 6. b3 g6 7. Bb2 Bg7 8. 0-0 0-0 9. Kh1 a5 10. a4 Na6 11. Na3 Nb4 12. Nc4 Nbd5 13. g4 Nb6 14. Nxb6 Qxb6 15. g5 Ne8 16. Bxg7 Nxg7 17. h4 e5 18. Bg4 exf4 19. Rxf4 Rae8 20. Qf3 Qc5 21. Rf1 Re7 22. Rc4 Qe5 23. Qf4 Qd5+ 24. e4 Qe5 25. Qxe5 1/2-1/2

[Event "Las Palmas Capablanca Memorial 1st"]
[Site "Las Palmas"]
[Date "2013.05.17"]
[Round "6"]
[White "Suarez Pazos, Alberto"]
[Black "Arroyo Palacios, Jose Maria"]
[Result "1-0"]
[WhiteElo "1747"]
[BlackElo "1727"]
[PlyCount "120"]
[EventDate "2013.04.30"]
[EventType "swiss"]
[EventRounds "7"]
[EventCountry "ESP"]
[SourceTitle "EXT 2024"]
[Source "ChessBase"]
[SourceDate "2023.10.10"]
[SourceVersion "1"]
[SourceVersionDate "2023.10.10"]
[SourceQuality "1"]

1. d4 c5 2. d5 f5 3. Nc3 Nf6 4. Bg5 Qb6 5. Rb1 h6 6. Bxf6 Qxf6 7. e4 d6 8. Nb5 Na6 9. Nc3 Nc7 10. Bd3 g6 11. Nf3 Bg7 12. Qe2 Bd7 13. 0-0 0-0-0 14. Rfe1 Rhe8 15. a4 fxe4 16. Bxe4 Bf5 17. Nb5 Bxe4 18. Qxe4 Nxb5 19. axb5 Qf5 20. Qa4 Qd7 21. b4 b6 22. bxc5 dxc5 23. Ne5 Bxe5 24. Rxe5 Qc7 25. Rbe1 Rd7 26. Re6 Kb8 27. Rc6 Qb7 28. Qf4+ Ka8 29. Qf7 Red8 30. c4 a6 31. Qxg6 Rd6 32. Re6 axb5 33. Rcxd6 exd6 34. Re8 Rxe8 35. Qxe8+ Ka7 36. Qxb5 Qe7 37. Kf1 h5 38. Qa4+ Kb8 39. Qa1 Qe4 40. Qc3 Qb1+ 41. Ke2 Qe4+ 42. Kf1 Qb1+ 43. Qe1 Qd3+ 44. Kg1 Qxc4 45. Qe8+ Ka7 46. Qd7+ Ka6 47. Qc8+ Ka5 48. Qa8+ Kb4 49. g3 Qc1+ 50. Kg2 Kc4 51. Qa2+ Kd4 52. Qb3 Qc4 53. Qxc4+ Kxc4 54. f4 Kxd5 55. Kf3 b5 56. Ke3 b4 57. Kd3 c4+ 58. Kc2 Kd4 59. h3 d5 60. Kd2 b3 1-0

[Event "Las Palmas Capablanca Memorial 1st"]
[Site "Las Palmas"]
[Date "2013.05.07"]
[Round "3"]
[White "Julien Casteleiro, Ariel"]
[Black "Suarez Pazos, Alberto"]
[Result "1-0"]
[WhiteElo "1586"]
[BlackElo "1747"]
[PlyCount "88"]
[EventDate "2013.04.30"]
[EventType "swiss"]
[EventRounds "7"]
[EventCountry "ESP"]
[SourceTitle "EXT 2024"]
[Source "ChessBase"]
[SourceDate "2023.10.10"]
[SourceVersion "1"]
[SourceVersionDate "2023.10.10"]
[SourceQuality "1"]

1. d4 d5 2. Nc3 Bf5 3. Nf3 e6 4. Bg5 Nf6 5. e3 Be7 6. Bd3 Bg4 7. h3 Bh5 8. g4 Bg6 9. Bxg6 hxg6 10. Ne5 Nbd7 11. Nxd7 Qxd7 12. Qf3 0-0-0 13. 0-0-0 b5 14. Qe2 a6 15. h4 Bb4 16. Rd3 Kb7 17. Rhd1 Ka7 18. e4 Bxc3 19. Bxf6 Bxb2+ 20. Kxb2 gxf6 21. Rh1 Qe7 22. Rb3 dxe4 23. Qxe4 Rd5 24. f4 f5 25. gxf5 gxf5 26. Qe1 Rxd4 27. Qe3 c5 28. c3 Rd5 29. h5 Rh6 30. c4 Qf6+ 31. Kc2 bxc4 32. Rc3 Qd4 33. a4 Qxe3 34. Rxe3 Rd4 35. Re5 Rxf4 36. Rxc5 Kb6 37. Rc8 Kb7 38. Rc5 Kb6 39. Rc8 e5 40. Rb1+ Ka7 41. Rcb8 Rf2+ 42. Kc3 a5 43. R1b7+ Ka6 44. Rb5 Rxh5 1-0

[Event "Las Palmas Insular-chT Primera-A"]
[Site "Las Palmas"]
[Date "2013.02.02"]
[Round "8.3"]
[White "Kleine, Peter"]
[Black "Suarez Pazos, Alberto"]
[Result "0-1"]
[WhiteElo "1809"]
[BlackElo "1714"]
[PlyCount "98"]
[EventDate "2012.11.10"]
[EventType "team-tourn"]
[EventRounds "14"]
[EventCountry "ESP"]
[SourceTitle "EXT 2014"]
[Source "ChessBase"]
[SourceDate "2013.11.20"]
[SourceVersion "1"]
[SourceVersionDate "2013.11.20"]
[SourceQuality "1"]
[WhiteTeam "Casa Museo El Patio "]
[BlackTeam "Hispafrica "]
[WhiteTeamCountry "ESP"]
[BlackTeamCountry "ESP"]

1. Nh3 e5 2. g3 d5 3. Bg2 Nc6 4. d3 Nf6 5. c3 h6 6. 0-0 Bc5 7. b4 Bb6 8. a4 a6 9. a5 Ba7 10. Kh1 0-0 11. Na3 Be6 12. Nc2 Re8 13. f3 Qd7 14. Nf2 Rad8 15. e3 d4 16. cxd4 exd4 17. e4 Bb8 18. f4 Bb3 19. Bd2 Ba7 20. Qc1 Qe7 21. Ne1 Be6 22. f5 Bd7 23. Bxh6 gxh6 24. Qxh6 Nh7 25. Nh3 Qf6 26. Qh5 Kg7 27. Rf4 Ne5 28. Nf3 Qh6 29. Qxh6+ Kxh6 30. Rh4+ Kg7 31. Nxe5 Rxe5 32. g4 f6 33. Nf4 Rde8 34. Ng6 Rb5 35. Nf4 c6 36. Rg1 Nf8 37. Nh3 Rxb4 38. g5 fxg5 39. Nxg5 Kf6 40. Rh6+ Ke7 41. Bf3 Kd8 42. Rh8 Ke7 43. Bh5 Rc8 44. Nf3 Rb5 45. Rg7+ Kd6 46. e5+ Kc7 47. e6 Nxe6 48. Rxc8+ Kxc8 49. Rg8+ Nd8 0-1

[Event "Las Palmas Insular-chT Primera-A"]
[Site "Las Palmas"]
[Date "2013.01.12"]
[Round "5.4"]
[White "Rossello Padron, Carlos Eduardo"]
[Black "Suarez Pazos, Alberto"]
[Result "1-0"]
[WhiteElo "1885"]
[BlackElo "1714"]
[PlyCount "111"]
[EventDate "2012.11.10"]
[EventType "team-tourn"]
[EventRounds "14"]
[EventCountry "ESP"]
[SourceTitle "EXT 2014"]
[Source "ChessBase"]
[SourceDate "2013.11.20"]
[SourceVersion "1"]
[SourceVersionDate "2013.11.20"]
[SourceQuality "1"]
[WhiteTeam "Piscolabis Oleaje San Andres"]
[BlackTeam "Hispafrica "]
[WhiteTeamCountry "ESP"]
[BlackTeamCountry "ESP"]

1. b3 e5 2. Bb2 Nc6 3. e3 Bc5 4. f4 d6 5. Bb5 Bd7 6. Nf3 Qe7 7. fxe5 dxe5 8. 0-0 f6 9. d4 Bd6 10. Bxc6 Bxc6 11. dxe5 fxe5 12. Nxe5 0-0-0 13. Qg4+ Bd7 14. Nxd7 Qxe3+ 15. Kh1 Rxd7 16. Bxg7 Nh6 17. Qd4 Qe2 18. Nc3 Qh5 19. h3 Bc5 20. Qe5 Qxe5 21. Bxe5 Rg8 22. Rad1 Re7 23. Bf6 Re6 24. Bd4 Bxd4 25. Rxd4 Re3 26. Rc4 c6 27. Rf2 Rg7 28. Kh2 Nf7 29. Nd5 Re5 30. Nf6 Ra5 31. a4 Rag5 32. Rd4 h6 33. Re2 Ne5 34. Red2 Rxg2+ 35. Rxg2 Nf3+ 36. Kh1 Rxg2 37. Kxg2 Nxd4 38. Ng8 h5 39. h4 Nxc2 40. Nf6 Nd4 41. Kh3 Nxb3 42. Nxh5 Nd4 43. Nf4 b5 44. axb5 cxb5 45. Nd5 Ne6 46. Kg4 a5 47. Kf5 Kd7 48. Kf6 b4 49. Nb6+ Kc6 50. Nc4 a4 51. Kxe6 a3 52. Nd2 a2 53. Nb3 Kb5 54. Kd5 Ka4 55. Kc4 Ka3 56. h5 1-0

[Event "ESP-ch 77th"]
[Site "San Agustin"]
[Date "2012.10.05"]
[Round "7"]
[White "Suarez Pazos, Alberto"]
[Black "Rodriguez Manzaneda, Irene"]
[Result "0-1"]
[WhiteElo "1741"]
[BlackElo "1709"]
[PlyCount "105"]
[EventDate "2012.09.29"]
[EventType "swiss"]
[EventRounds "9"]
[EventCountry "ESP"]
[SourceTitle "EXT 2014"]
[Source "ChessBase"]
[SourceDate "2013.11.20"]
[SourceVersion "1"]
[SourceVersionDate "2013.11.20"]
[SourceQuality "1"]

1. d4 d5 2. Nf3 Nf6 3. Bg5 Bf5 4. e3 e6 5. Nbd2 Be7 6. Ne5 0-0 7. Bxf6 Bxf6 8. f4 Be7 9. Be2 Bh4+ 10. g3 Bh3 11. Nef3 Be7 12. c3 Nd7 13. Bf1 Bg4 14. h3 Bh5 15. Be2 f6 16. g4 Bf7 17. 0-0 Bd6 18. Rf2 e5 19. f5 e4 20. Ne1 Re8 21. Nf1 Kf8 22. Ng2 Ke7 23. Nf4 g5 24. fxg6 hxg6 25. Ng3 Rh8 26. Qf1 Qf8 27. Bb5 c6 28. Ba4 Qh6 29. Re1 Bxf4 30. Rxf4 Qxh3 31. Qg2 Qxg2+ 32. Kxg2 Rh4 33. Rh1 Rah8 34. b4 Be6 35. Rxh4 Rxh4 36. Bd1 Nb6 37. Nf1 g5 38. Kg3 gxf4+ 39. Kxh4 f3 40. Nd2 Nd7 41. a4 Kd6 42. Kg3 b6 43. Nb3 Nf8 44. Nd2 Ke7 45. Nb3 Nh7 46. Nd2 Ng5 47. Nf1 Nf7 48. Bc2 Nh6 49. c4 Nxg4 50. c5 bxc5 51. bxc5 Kd7 52. a5 Kc7 53. Nd2 0-1

[Event "ESP-ch 77th"]
[Site "San Agustin"]
[Date "2012.10.04"]
[Round "6"]
[White "Garcia Cruz, Jose Manuel"]
[Black "Suarez Pazos, Alberto"]
[Result "0-1"]
[WhiteElo "1368"]
[BlackElo "1741"]
[PlyCount "50"]
[EventDate "2012.09.29"]
[EventType "swiss"]
[EventRounds "9"]
[EventCountry "ESP"]
[SourceTitle "EXT 2014"]
[Source "ChessBase"]
[SourceDate "2013.11.20"]
[SourceVersion "1"]
[SourceVersionDate "2013.11.20"]
[SourceQuality "1"]

1. d4 Nf6 2. Nf3 d5 3. c4 c6 4. Nc3 a6 5. a4 Nbd7 6. Bf4 Qa5 7. Bd2 Qc7 8. Rc1 dxc4 9. e4 e5 10. Bxc4 exd4 11. Nxd4 Ne5 12. Be2 Qb6 13. Nb3 Be6 14. Na1 Bc5 15. 0-0 Rd8 16. b3 0-0 17. Rb1 Bg4 18. Qe1 Rd3 19. b4 Bd4 20. a5 Qa7 21. Bf4 Bxc3 22. Qc1 Bxe2 23. Be3 Qb8 24. Rb3 Nfg4 25. Rxc3 Nf3+ 0-1

[Event "Las Palmas Insular-chT Primera-A"]
[Site "Las Palmas"]
[Date "2012.02.25"]
[Round "10.2"]
[White "Perez Cardona, Jose Fernando"]
[Black "Suarez Pazos, Alberto"]
[Result "0-1"]
[WhiteElo "1452"]
[BlackElo "1737"]
[PlyCount "60"]
[EventDate "2011.11.12"]
[EventType "team-tourn"]
[EventRounds "14"]
[EventCountry "ESP"]
[SourceTitle "EXT 2013"]
[Source "ChessBase"]
[SourceDate "2012.11.22"]
[SourceVersion "1"]
[SourceVersionDate "2012.11.22"]
[SourceQuality "1"]
[WhiteTeam "Cadetra"]
[BlackTeam "Anand Iberia"]
[WhiteTeamCountry "ESP"]
[BlackTeamCountry "ESP"]

1. e4 Nf6 2. e5 Nd5 3. c4 Nb6 4. d4 d6 5. Nf3 Bg4 6. Bf4 dxe5 7. Bxe5 Nc6 8. Nc3 Nxe5 9. dxe5 e6 10. Qxd8+ Rxd8 11. Rd1 Rxd1+ 12. Kxd1 Bc5 13. Ne4 Bd4 14. c5 Nd5 15. Bb5+ Ke7 16. Kc2 Bxf3 17. gxf3 Bxe5 18. a3 Rd8 19. Ng3 Bd4 20. c6 bxc6 21. Bxc6 Bxf2 22. Bxd5 Rxd5 23. Ne4 Bd4 24. Rd1 f5 25. Nc3 Bxc3 26. Rxd5 exd5 27. Kxc3 g5 28. Kd4 Kd6 29. b4 a6 30. a4 c6 0-1